Corporate finance/ (Record no. 8655)

MARC details
000 -LEADER
fixed length control field 00784nac a22002171u 4500
020 ## - INTERNATIONAL STANDARD BOOK NUMBER
International Standard Book Number 007111551X
082 ## - DEWEY DECIMAL CLASSIFICATION NUMBER
Classification number 658.15
Item number BRE
090 ## - LOCALLY ASSIGNED LC-TYPE CALL NUMBER (OCLC); LOCAL CALL NUMBER (OCLC)
-- 8655
-- 8655
100 ## - MAIN ENTRY--PERSONAL NAME
Personal name Brealey, Richard A.
245 ## - TITLE STATEMENT
Title Corporate finance/
Remainder of title Richard A. Brealey, Stewart C. Myers and Franklin Allen
260 ## - PUBLICATION, DISTRIBUTION, ETC. (IMPRINT)
Place of publication, distribution, etc Boston:
Name of publisher, distributor, etc McGraw-hill,2006
Date of publication, distribution, etc 2006
300 ## - PHYSICAL DESCRIPTION
Extent 1 v.:
Other physical details col. ill.;
Dimensions 24 cm.+
Accompanying material 1 CD-ROM
500 ## - GENERAL NOTE
General note distributer: Baccah
504 ## - BIBLIOGRAPHY, ETC. NOTE
Bibliography, etc Includes bibliographical references and index
511 ## - PARTICIPANT OR PERFORMER NOTE
Participant or performer note catalogued by: wessam
650 ## - SUBJECT ADDED ENTRY--TOPICAL TERM
Topical term or geographic name as entry element Corporations
General subdivision Finance.
700 ## - ADDED ENTRY--PERSONAL NAME
Personal name Myers, Stewart C.
700 ## - ADDED ENTRY--PERSONAL NAME
Personal name Allen, Franklin
942 ## - ADDED ENTRY ELEMENTS (KOHA)
Item type Book - Borrowing
Call number prefix 658.15BRE
Holdings
Withdrawn status Item status Damaged status Not for loan Home library Current library Shelving location Date acquired Source of acquisition Total Checkouts Full call number Barcode Date last seen Date last borrowed Koha item type
        Central Library Central Library First floor 08/03/2017 Purchase 6 658.15BRE 000010469 15/07/2025 02/01/2012 Book - Borrowing